Detalles MARC
| 000 -LÍDER |
| Campo fijo de descripción fija |
01591aam a2200289 i 4500 |
| 001 - NÚMERO DE CONTROL |
| Campo de control |
768714001 |
| 003 - IDENTIFICADOR DEL NÚMERO DE CONTROL |
| Campo de control |
CO-MdFUSB |
| 005 - FECHA Y HORA DE LA ULTIMA TRANSACCIÓN |
| control field |
20240221120451.0 |
| 007 - CAMPO FIJO DE DESCRIPCIÓN FIJA--INFORMACIÓN GENERAL |
| Campo fijo de descripción fija |
ta |
| 008 - ELEMENTOS DE LONGITUD FIJA -- INFORMACIÓN GENERAL |
| Campo fijo de descripción fija -- Información general |
240221t1957 ag |||| |||| 00| 0 spa d |
| 040 ## - FUENTE DE CATALOGACIÓN |
| Agencia que realiza la transcripción |
CO-MdFUSB |
| 041 0# - CÓDIGO DE IDIOMA |
| Código de idioma para texto/pista de sonido o título separado |
spa |
| 082 04 - NÚMERO DE CLASIFICACIÓN DECIMAL DEWEY |
| Número de clasificación |
264.23 |
| Número de la edición del Dewey |
23 |
| Clave de autor-Numero de item |
C2159c |
| 100 1# - ASIENTO PRINCIPAL--NOMBRE PERSONAL |
| Nombre personal |
Canclini, Arnoldo |
| Término relacionador |
autor |
| 245 10 - TÍTULO |
| Título del Material |
Cantaré con entendimiento |
| Parte restante del título - Subtitulo |
: historias de himnos famosos |
| Mención de responsabilidad, etc. |
/ Arnoldo Canclini |
| 264 #1 - PRODUCCIÓN, PUBLICACIÓN, DISTRIBUCIÓN, MANUFACTURA, Y COPYRIGHT |
| Nombre del productor, publicador, distribuidor |
Casa Bautista de Publicaciones, |
| Lugar de producción, publicación, distribución, manufactura |
Buenos Aires, Argentina : |
| Fecha de producción, publicación, distribución, manufactura, o copyright |
[1957] |
| 264 #4 - PRODUCCIÓN, PUBLICACIÓN, DISTRIBUCIÓN, MANUFACTURA, Y COPYRIGHT |
| Fecha de producción, publicación, distribución, manufactura, o copyright |
©1957 |
| 300 ## - DESCRIPCIÓN FÍSICA |
| Extensión |
174 páginas |
| Dimensiones |
; 18cm |
| 336 ## - TIPO DE CONTENIDO |
| Término de tipo de contenido |
texto |
| Código de tipo de contenido |
txt |
| Fuente |
rdacontent |
| 337 ## - TIPO DE MEDIO |
| Fuente |
rdamedia |
| Nombre del tipo de medio |
sin mediación |
| Código del tipo de medio |
n |
| 338 ## - TIPO DE SOPORTE |
| Fuente |
rdacarrier |
| Nombre del tipo de soporte |
volumen |
| Código Tipo de soporte |
nc |
| 505 ## - NOTA DE CONTENIDO |
| Nota de contenido con formato preestablecido |
Luz en el corazón de un ciego. -- El himno infantil que cantaron los soldados. -- La oración en el tiempo de la angustia. -- El recuerdo de Belén hecho canción. -- Tres nombres gloriosos en un sólo himno. -- Un himno de ambiente marino. -- La poetisa de la consagración. -- La canción popular que forjó una leyenda. -- El gran himno sobre el juicio final. -- La libertad espiritual de los esclavos hecha canción. -- Un himno de nuestros tiempos. -- El agradable polizón de nuestros himnarios. -- El himno favorito de David Livingstone. -- El pequeño templo que un himno ha hecho célebre. -- Una gran parábola puesta en música. -- El "himno milagro" que habla de la cruz. -- La poetiza, el trovador y el predicador de Suecia. -- La canción del cisne o Una oración contestada. |
| 563 ## - NOTA DE ENCUADERNACIÓN |
| Nota de encuadernación |
Rústico |
| 653 ## - TÉRMINO DE INDIZACIÓN - NO CONTROLADO |
| Término no controlado |
Himnos religiosos |
| 942 ## - TIPO DE MATERIAL (KOHA) |
| Tipo de Item KOHA |
Libros General |
| 945 ## - INFORMACIÓN LOCAL DEL REGISTRO |
| Catalogador |
JTF-925 |